| 000 | 01643nam a2200385 a 4500 | ||
|---|---|---|---|
| 001 | ebr10494688 | ||
| 003 | CaPaEBR | ||
| 006 | m u | ||
| 007 | cr cn||||||||| | ||
| 008 | 110525s2012 enkab sb 001 0 eng d | ||
| 010 | _z 2011019097 | ||
| 020 | _z9781444333398 (hardcover : alk. paper) | ||
| 020 | _z9781444333404 (pbk. : alk. paper) | ||
| 020 | _z9781444345025 (Wiley online library) | ||
| 020 | _z9781444345001 (ePub) | ||
| 020 | _z9781444345018 (Mobi) | ||
| 020 | _z9781444344998 (e-book) | ||
| 040 |
_aCaPaEBR _cCaPaEBR |
||
| 035 | _a(OCoLC)759159351 | ||
| 050 | 1 | 4 |
_aQH541.5.C6 _bA67 2012eb |
| 082 | 0 | 4 |
_a577.5/6 _223 |
| 245 | 0 | 0 |
_aApplied urban ecology _h[electronic resource] : _ba global framework / _cedited by Matthias Richter, Ulrike Weiland. |
| 260 |
_aChichester, West Sussex ; _aHoboken, N.J. : _bWiley-Blackwell, _c2012. |
||
| 300 |
_axiv, 219 p. : _bill., maps. |
||
| 504 | _aIncludes bibliographical references and index. | ||
| 505 | 0 | _apt. 1. Introduction -- pt. 2. Urban ecology : related disciplines and methods -- pt. 3. Selected fields of urban ecology -- pt. 4. Synthesis. | |
| 533 |
_aElectronic reproduction. _bPalo Alto, Calif. : _cebrary, _d2011. _nAvailable via World Wide Web. _nAccess may be limited to ebrary affiliated libraries. |
||
| 650 | 0 | _aUrban ecology (Biology) | |
| 650 | 0 | _aApplied ecology. | |
| 655 | 7 |
_aElectronic books. _2local |
|
| 700 | 1 |
_aRichter, Matthias, _d1964- |
|
| 700 | 1 | _aWeiland, Ulrike. | |
| 710 | 2 | _aebrary, Inc. | |
| 856 | 4 | 0 |
_uhttp://site.ebrary.com/lib/rucke/Doc?id=10494688 _zAn electronic book accessible through the World Wide Web; click to view |
| 999 |
_c129950 _d129950 |
||